| 000 | 00883cam a2200289 4500 | ||
|---|---|---|---|
| 001 | 17265 | ||
| 003 | BD-RjUL | ||
| 005 | 20211209000119.0 | ||
| 008 | 140216s1972 ncu 001 0 eng | ||
| 020 | _a0822302896 | ||
| 035 | _a(BD-RjUL)17323 | ||
| 040 |
_aDLC _cDLC _dDLC _dBD-RjUL _beng |
||
| 041 | _aeng | ||
| 082 | 0 | 0 |
_a801.950973 _bHUW |
| 100 | 1 |
_aHubbell, Jay B. _q(Jay Broadus), _d1885-1979. _953230 |
|
| 245 | 1 | 0 |
_aWho are the major American writers? _bA study of the changing literary canon / _cJay B. Hubbell. |
| 260 |
_aDurham, N.C. : _bDuke University Press, _c1972. |
||
| 300 |
_axvii, 344 p. ; _c25 cm. |
||
| 350 | _a$11.00 | ||
| 504 | _aIncludes index. | ||
| 650 | 0 |
_aAmerican literature _xHistory and criticism. _953231 |
|
| 650 | 0 |
_aCriticism. _953232 |
|
| 650 | 0 |
_aCanon (Literature) _952963 |
|
| 942 |
_2ddc _cBK |
||
| 999 |
_c17265 _d17265 |
||